000 00638nam a2200241Ia 4500
003 OSt
005 20221007080902.0
006 a|||||r|||| 00| 0
007 ta
008 221006b |||||||| |||| 00| 0 eng d
024 _a28,210
037 _cTextual
040 _aFLL
_cFLL
_beng
041 _2eng
_aeng
082 _aZ73,5, M1
100 _aEldefonso Edward
245 0 _aCriminal law
260 _aNew York
_bHarper & Row, Publishers
_c1981
300 _axvi,304p
_ccm.
700 _a Coffey Alan R.
_9695789
942 _hZ73,5, M1
_cTEXL
_2CC
999 _c1161253
_d1161253